| 000 | 00400nam a2200169Ia 4500 | ||
|---|---|---|---|
| 005 | 20250423094431.0 | ||
| 008 | 250422s9999 xx 000 0 und d | ||
| 020 | _a047149691X | ||
| 050 | _aQA 76.76 .W66/ | ||
| 100 | _aWooldridge, Michael J. | ||
| 245 | 3 | _aAn introduction to multiagent systems | |
| 260 | _aNew York | ||
| 260 | _bJ. Wiley | ||
| 260 | _c2002 | ||
| 300 | _a348 p | ||
| 942 | _cBK | ||
| 999 |
_c27226 _d27226 |
||